| 000 | 01507cam a22003734i 4500 | ||
|---|---|---|---|
| 003 | PE-LiUPU | ||
| 005 | 20250731183421.0 | ||
| 008 | 150625s r 000 0 d | ||
| 020 | _a8429121056 | ||
| 035 | _a(Sirsi) i9788429121056 | ||
| 040 |
_aPE-LiUPU _bspa _cPE-LiUPU _erda |
||
| 049 | _aPRUA | ||
| 082 | 0 | 4 |
_a729.11 _bR225e _221 |
| 100 | 1 |
_aRasmussen, Steen Eiler, _eautor. |
|
| 245 | 1 | 3 |
_aLa experiencia de la arquitectura : _bsobre la percepción de nuestro entorno / _cSteen Eiler Rasmussen. |
| 264 | 1 |
_aBarcelona : _bReverté, _c2004. |
|
| 300 |
_a222 páginas : _bilustraciones ; _c24 cm. |
||
| 336 |
_atext _2rdacontent |
||
| 337 |
_aunmediated _2rdamedia |
||
| 338 |
_avolume _2rdacarrier |
||
| 490 | 0 |
_aEstudios Universitarios ; _v5 |
|
| 505 | 0 | _aObservaciones básicas -- Sólido y cavidades -- Efecto de contraste -- Planos de color -- Escala y proporción-- El ritmo -- La textura -- La luz natural -- El color -- El sonido -- Algunas notas personales -- índice alfabético -- Apéndice. | |
| 526 | _aP158 | ||
| 526 | _aP146 | ||
| 526 | _aP17 | ||
| 526 | _aP12 | ||
| 526 | _aP06 | ||
| 650 | 0 | 4 |
_aArquitectura _xComposición, proporción, etc. |
| 650 | 0 | 4 |
_aArquitectura _xPlanos y dibujos. |
| 942 |
_2ddc _cBK _n0 |
||
| 999 |
_c46946 _d46946 |
||
| 980 |
_81 _gALBERTO SANCHEZ Responsable de Automatización |
||